| 000 | 00000nam 2200000za 4500 |
| 001 | 9.822378 |
| 003 | CaOODSP |
| 005 | 20250502141242 |
| 007 | cr ||||||||||| |
| 008 | 160810s2012 onco||||o f000 0 ara d |
| 040 | |aCaOODSP|beng |
| 043 | |an-cn--- |
| 086 | 1 |aNH21-1/2012Ara-PDF|zNH21-1/2012Ar-PDF |
| 245 | 01|a[Buying your first home in Canada |h[electronic resource] : |bwhat newcomers need to know]. |
| 250 | |a[Arabic edition]. |
| 260 | |a[Ottawa] : |bCanada Mortgage and Housing Corporation, |cc2012. |
| 300 | |a8 p. : |bphotographs. |
| 500 | |aEnglish title supplied by the publisher. |
| 500 | |aIssued in French under title: L'achat de votre première maison au Canada : guide à l’intention des nouveaux arrivants. |
| 500 | |aIssued also in Chinese, Punjabi, Tagalog, Spanish, Urdu, French and English. |
| 520 | |aYou’ve made Canada your new home and now you’re looking for a place of your own. Buying a house is an exciting experience that can be both rewarding and challenging. As Canada’s national housing agency, Canada Mortgage and Housing Corporation (CMHC) has been helping Canadians – including new Canadians like you – access a wide choice of quality, affordable homes for over 65 years. We’ve designed this guide to make homebuying decisions easier for you by providing the information you need. |
| 546 | |aText in Arabic. |
| 692 | 07|2gccst|aImmigrants |
| 692 | 07|2gccst|aHousing |
| 710 | 2 |aCanada Mortgage and Housing Corporation. |
| 775 | 08|tBuying your first home in Canada |w(CaOODSP)9.700118 |
| 792 | |t[L'achat de votre première maison au Canada : |efre|w(CaOODSP)9.822384 |
| 856 | 40|qPDF|s2.99 MB|uhttps://publications.gc.ca/collections/collection_2016/schl-cmhc/NH21-1-2012-ara.pdf |